000
00309nam a22001337a 4500
008
170713b xxu||||| |||| 00| 0 eng d
020
_a
9780061311703
041
_a
eng
080
_a
101
100
_a
24
101
_a
FIL
245
_a
PHENOMENOLOGY AND THE CRISIS OF PHILOSOPHY
_c
LAUER,Q
942
_2
udc
_c
BK
999
_c
20659
_d
20659